Statistics for Soccer Club by Country

Click here to take the quiz!

General Stats

  • This quiz has been taken 2,282 times
  • The average score is 30 of 35

Answer Stats

HintAnswer% Correct
Paris Saint GermainFrance
100%
Manchester UnitedUnited Kingdom
100%
Los Angeles GalaxyUnited States
100%
JuventusItaly
99%
ChelseaUnited Kingdom
99%
Bayern MunichGermany
97%
Borussia DortmundGermany
96%
AC MilanItaly
96%
AjaxNetherlands
96%
SevillaSpain
96%
Atletico MadridSpain
96%
FC PortoPortugal
95%
FC BarcelonaSpain
95%
Tottenham HotspurUnited Kingdom
95%
FC TokyoJapan
94%
Real MadridSpain
93%
MarseilleFrance
92%
Internazionale MilanItaly
92%
MonacoMonaco
92%
Aston VillaUnited Kingdom
92%
ArsenalUnited Kingdom
92%
Schalke 04Germany
90%
DC UnitedUnited States
90%
Sporting Kansas CityUnited States
88%
FlamengoBrazil
85%
Club Brugges KVBelgium
83%
Club AmericaMexico
79%
RSC AnderlechtBelgium
76%
Corinthians PaulistaBrazil
75%
Guangzhou EvergrandChina
75%
Gamba OsakaJapan
74%
C.F. MonterreyMexico
64%
Club AtlasMexico
58%
Colo ColoChile
49%
Persopolis F.C.Iran
29%

Score Distribution

Percentile by Number Answered

Percent of People with Each Score

Your Score History

You have not taken this quiz